|
|
|
|
| LEADER |
00000nas a2200000 4500 |
| 001 |
vtls012285462 |
| 003 |
SK-MaSNL |
| 005 |
20260228160213.0 |
| 008 |
251016d18511851au ar 000 b0ger |
| 015 |
|
|
|a SNBHFB
|
| 040 |
|
|
|a SNKHF
|b slo
|c SNKHF
|e rda
|
| 041 |
0 |
|
|a ger
|
| 044 |
|
|
|a au
|c AT
|
| 072 |
|
7 |
|a 821.112.2.09
|x Nemecká literatúra, nemecky písaná (o nej)
|2 konspekt
|
| 080 |
|
|
|a (051)-048.55
|2 2011
|
| 080 |
|
|
|a 821.112.2(436)
|2 2011
|
| 245 |
0 |
0 |
|a Quintessenz aller Postbücheln
|b Sorgfältig verfaßt und zusammengetragen von Aler. Fidelius für das Jahr ...
|
| 264 |
|
3 |
|a Wien
|b Gedruckt bei M. Lell
|c 1851
|
| 300 |
|
|
|c 18 cm
|
| 310 |
|
|
|a 1x ročne
|
| 336 |
|
|
|a text
|b txt
|2 rdacontent
|
| 337 |
|
|
|a bez média
|b n
|2 rdamedia
|
| 338 |
|
|
|a zväzok
|b nc
|2 rdacarrierr
|
| 500 |
|
|
|a Súčasťou názvu je označenie roku
|
| 546 |
|
|
|a Nemčina
|b Fraktúra
|
| 561 |
|
|
|a Proveniencia: pečiatka Dr. E. Kadarász - ver. not. poz. Margity Zayovej Čís. 13748.
|5 SNK ČD 2632/1851
|
| 588 |
|
|
|a Popis podľa: Rok 1851
|
| 650 |
0 |
7 |
|a rakúska literatúra
|2 SNKPH
|9 1416
|
| 655 |
|
7 |
|a špecializované časopisy
|2 SNKPH
|9 70509
|
| 700 |
1 |
|
|a Lell, M.
|4 prt
|9 265864
|
| 752 |
|
|
|a Rakúsko
|d Viedeň
|
| 852 |
|
|
|a snk
|b Zaiova knižnica: Zay 12636
|p ČD 2632/1851
|
| 958 |
|
|
|a DF
|
| 999 |
|
|
|c 1895
|d 3825
|
| 952 |
|
|
|0 0
|1 0
|4 0
|7 0
|8 5
|a SNK
|b SNK
|c SNK_HF
|d 2025-10-16
|i snk2025/16530
|l 0
|o snkČD 2632/1851
|p 17A1568975
|r 2026-02-21 22:34:42
|t Zay 12636
|w 2026-02-21
|y PREZ
|